00221nam a2200097Ia 4500001000400000008004100004082002500045100001100070245002500081260001700106964241024s9999 xx 000 0 und d aRD/370.97293/ID19c/2 aIDEICE 0aConcepto y normativa bIDEICEc2010